| 000 | 00000nam 2200000zi 4500 |
| 001 | 9.923816 |
| 003 | CaOODSP |
| 005 | 20240716091630 |
| 006 | m o d f |
| 007 | cr mn||||||||| |
| 008 | 230613t20232023onc ob f000 0 eng d |
| 020 | |a9780660491172 |
| 040 | |aCaOODSP|beng|erda|cCaOODSP |
| 043 | |an-cn--- |
| 045 | |ay2y2 |
| 086 | 1 |aH14-440/2023E-PDF |
| 245 | 00|aVulnerable and hard-to-reach populations COVID-19 immunization coverage survey (VHCICS) : |bmethodological report / |cprepared for the Public Health Agency of Canada. |
| 264 | 1|a[Ottawa] : |bPublic Health Agency of Canada = Agence de la santé publique du Canada, |c2023. |
| 264 | 4|c©2023 |
| 300 | |a1 online resource (49 pages) + |eexecutive summary (6 unnumbered pages) |
| 336 | |atext|btxt|2rdacontent |
| 337 | |acomputer|bc|2rdamedia |
| 338 | |aonline resource|bcr|2rdacarrier |
| 500 | |aIssued also in French under title: Enquête sur la couverture vaccinale contre la COVID-19 auprès des populations vulnérables et difficiles à atteindre : rapport méthodologique. |
| 500 | |aPublication files replaced with new ones at request of author department, 28 August 2023. |
| 500 | |a"Supplier name: Advanis Inc." |
| 500 | |a"Contract number: 6D142-224912." |
| 500 | |a"Registration number: POR 058-22." |
| 500 | |a"July 2023"--Page 3. |
| 504 | |aIncludes bibliographical references. |
| 650 | 0|aCOVID-19 vaccines|zCanada|xPublic opinion. |
| 650 | 0|aCOVID-19 (Disease)|xVaccination|zCanada|xPublic opinion. |
| 650 | 0|aPublic opinion|zCanada. |
| 710 | 2 |aPublic Health Agency of Canada, |eissuing body. |
| 710 | 2 |aAdvanis (Firm), |econsultant. |
| 775 | 08|tEnquête sur la couverture vaccinale contre la COVID-19 auprès des populations vulnérables et difficiles à atteindre : |w(CaOODSP)9.923817 |
| 794 | |tVulnerable and hard-to-reach populations COVID-19 immunization coverage survey (VHCICS) 2024 : |b2024|w(CaOODSP)9.937733 |
| 856 | 40|qPDF|s896 KB|uhttps://publications.gc.ca/collections/collection_2023/aspc-phac/H14-440-2023-eng.pdf|z(methodological report) |
| 856 | 40|qPDF|s286 KB|uhttps://publications.gc.ca/collections/collection_2023/aspc-phac/H14-440-2023-1-eng.pdf|z(executive summary) |
| 856 | 4 |qHTML|sN/A|uhttps://epe.bac-lac.gc.ca/100/200/301/pwgsc-tpsgc/por-ef/health/2023/058-22-e/report.html|z(methodological report) |
| 856 | 4 |qHTML|sN/A|uhttps://epe.bac-lac.gc.ca/100/200/301/pwgsc-tpsgc/por-ef/health/2023/058-22-e/summary/summary.html|z(executive summary) |
| 856 | 4 |qHTML|sN/A|uhttps://epe.bac-lac.gc.ca/100/200/301/pwgsc-tpsgc/por-ef/health/2023/058-22-e/index.html|z(complete dataset) |